LIBRARY & INFORMATION CENTRE, KCAET, TAVANUR

ONLINE PUBLIC ACCESS CATALOGUE (OPAC)

Higher Engineering Mathematics (Record no. 19018)

MARC details
000 -LEADER
fixed length control field 00315nam a22001337a 4500
003 - CONTROL NUMBER IDENTIFIER
control field OSt
008 - FIXED-LENGTH DATA ELEMENTS--GENERAL INFORMATION
fixed length control field 250113b |||||||| |||| 00| 0 eng d
041 ## - LANGUAGE CODE
Language code of text/sound track or separate title eng
100 ## - MAIN ENTRY--AUTHOR NAME
Personal name Grewal, BS
245 ## - TITLE STATEMENT
Title Higher Engineering Mathematics
250 ## - EDITION STATEMENT
Edition statement 15th
260 ## - PUBLICATION, DISTRIBUTION, ETC. (IMPRINT)
Place of publication Delhi:
Name of publisher Khanna Publishers,
Year of publication 1985.
942 ## - ADDED ENTRY ELEMENTS (KOHA)
Koha item type Books
Holdings
Withdrawn status Lost status Damaged status Home library Current library Date acquired Source of acquisition Cost, normal purchase price Accession Number Koha item type
Withdrawn     KAUAET KAUAET 13/01/2025 M/S Minerva Book Stall, Thrissur 47.50 15107 Books
Withdrawn     KAUAET KAUAET 13/01/2025 M/S Minerva Book Stall, Thrissur 47.50 15108 Books
free website counter